El mercosur: ¿debe tener una moneda común? (Registro nro. 119)
[ vista simple ]
| 000 -LEADER | |
|---|---|
| fixed length control field | 01282 a2200265 4500 |
| 001 - CONTROL NUMBER | |
| control field | 150 |
| 005 - DATE AND TIME OF LATEST TRANSACTION | |
| control field | 20260407155414.0 |
| 008 - FIXED-LENGTH DATA ELEMENTS--GENERAL INFORMATION | |
| fixed length control field | 260407a2006 arg spa d |
| 003 - CONTROL NUMBER IDENTIFIER | |
| control field | AR-UNSa-BCEJYS |
| 040 ## - CATALOGING SOURCE | |
| Original cataloging agency | AR-UNSa-BCEJYS |
| Language of cataloging | spa |
| Transcribing agency | AR-UNSa-BCEJYS |
| 080 ## - UNIVERSAL DECIMAL CLASSIFICATION NUMBER | |
| Universal Decimal Classification number | 339.72 |
| Common auxiliary subdivision | Pagos internacionales. Moneda internacional y mercado de capitales |
| 020 ## - INTERNATIONAL STANDARD BOOK NUMBER | |
| International Standard Book Number | 978-987-1281-15-2 |
| 041 ## - LANGUAGE CODE | |
| Language code of text/sound track or separate title | spa |
| 100 1# - MAIN ENTRY--PERSONAL NAME | |
| Personal name | Menéndez Paratore, Lisandro |
| 245 10 - TITLE STATEMENT | |
| Title | El mercosur: ¿debe tener una moneda común? |
| 264 #1 - PRODUCTION, PUBLICATION, DISTRIBUTION, MANUFACTURE, AND COPYRIGHT NOTICE | |
| Place of production, publication, distribution, manufacture | Buenos Aires : |
| Name of producer, publisher, distributor, manufacturer | EDICON (Fondo Editorial Consejo) |
| Date of production, publication, distribution, manufacture, or copyright notice | 2006 |
| 300 ## - PHYSICAL DESCRIPTION | |
| Extent | 208 p. |
| Dimensions | 22 cm |
| 505 ## - FORMATTED CONTENTS NOTE | |
| Formatted contents note | 1. Introducción - 2. Ventajas y desventajas de sistemas cambiarios alternativos - 3. La caída del régimen monetario de los noventa - 4. El orígen de los Shocks y la simetría de sus efectos - 5. Interdependencia macroeconómica y elección del esquema cambiario - 6. Dolarización y volatilidad real, en el contexto de una unión monetaria asimétrica |
| 590 ## - LOCAL NOTE (RLIN) | |
| Local note | niveau_biblio:m niveau_hierar:0 |
| 700 1# - ADDED ENTRY--PERSONAL NAME | |
| Personal name | Torija Zane, Edgardo |
| 700 1# - ADDED ENTRY--PERSONAL NAME | |
| Personal name | Panigo, Demián Tupac |
| 700 1# - ADDED ENTRY--PERSONAL NAME | |
| Personal name | Moccero, Diego Nicolás |
| 856 41 - ELECTRONIC LOCATION AND ACCESS | |
| Uniform Resource Identifier | <a href="https://biblioeco.unsa.edu.ar/pmb/images/libros/El mercorsur-debe tener una moneda comun-l117333.jpg">https://biblioeco.unsa.edu.ar/pmb/images/libros/El mercorsur-debe tener una moneda comun-l117333.jpg</a> |
| Link text | Imagen de portada |
| Electronic format type | image/jpeg |
| 942 ## - ADDED ENTRY ELEMENTS (KOHA) | |
| Koha item type | |
| Withdrawn status | Lost status | Damaged status | Not for loan | Home library | Current library | Shelving location | Date acquired | Total checkouts | Full call number | Barcode | Date last seen | Price effective from | Koha item type |
|---|---|---|---|---|---|---|---|---|---|---|---|---|---|
| Biblioteca Prof. Eusebio Cleto del Rey | Biblioteca Prof. Eusebio Cleto del Rey | 07/04/2026 | 339.72 M556 | L117333 | 07/04/2026 | 07/04/2026 | Libro |